ბათუმის შოთა რუსთაველის სახელმწიფო უნივერსიტეტის ბიბლიოთეკა

სვანეთის ფლორა = The flora of Svaneti (ბიბ.ჩანაწერი № 48845)

000 -LEADER
fixed length control field 01630nam a2200265Ia 4500
001 - CONTROL NUMBER
control field 15747
003 - CONTROL NUMBER IDENTIFIER
control field GE_BSU
008 - FIXED-LENGTH DATA ELEMENTS--GENERAL INFORMATION
fixed length control field 181216s||||||||xx |||||||||||||| ||und||
020 ## - INTERNATIONAL STANDARD BOOK NUMBER
International Standard Book Number ISBN 978-9941-9367-7-7
040 ## - CATALOGING SOURCE
Transcribing agency GE_BSU
080 ## - UNIVERSAL DECIMAL CLASSIFICATION NUMBER
Universal Decimal Classification number 581.9(479.22)
100 ## - MAIN ENTRY--PERSONAL NAME
Personal name ჩანტლაძე,იზა,ნაკანი,ნინო
245 ## - TITLE STATEMENT
Title სვანეთის ფლორა = The flora of Svaneti
245 ## - TITLE STATEMENT
Remainder of title (ინტერდისციპლინურ-ეტიმოლოგიური კვლევა ქართველურ ენათა მასალების მიხედვით)I
245 ## - TITLE STATEMENT
Statement of responsibility, etc. რედ.: ნინო მინდაძე [და სხვ.]
250 ## - EDITION STATEMENT
Edition statement წიგნი დაიბეჭდა ეროვნული კულტურის სკოლა "კაი ყმის" ფინანსური მხარდაჭერით. -
260 ## - PUBLICATION, DISTRIBUTION, ETC.
Place of publication, distribution, etc. თბილისი
260 ## - PUBLICATION, DISTRIBUTION, ETC.
Name of publisher, distributor, etc. სვეტი+
260 ## - PUBLICATION, DISTRIBUTION, ETC.
Date of publication, distribution, etc. 2014.
300 ## - PHYSICAL DESCRIPTION
Extent 258გვ;26სმ.
300 ## - PHYSICAL DESCRIPTION
Other physical details წინასიტყვ. ქართ. და ინგლ.. - საძიებელი: გვ. 243-257. - ბიბლიოგრ.: გვ227-242.
520 ## - SUMMARY, ETC.
Summary, etc. წიგნში აგრეთვე: მღვდელ არსენ ონიანის წიგნის "ხეებისა და ბალახების სახელთა კრებულის" ზოგი მასალის ეტიმოლოგიური ანალიზი.
653 ## - INDEX TERM--UNCONTROLLED
Uncontrolled term სვანეთის ფლორა
942 ## - ADDED ENTRY ELEMENTS (KOHA)
Koha item type წიგნი
ეგზემპლარები
Withdrawn status Lost status Damaged status Not for loan Date acquired Barcode Date last seen Price effective from Koha item type
        2018-12-17 39591 2018-12-17 2018-12-17 წიგნი